Comic Strip Main Characters Quiz Stats

Quiz not verified by Sporcle

Challenge
Share
Tweet
Embed
Score 0/51 Timer 09:00
0 Plays Today
Comic Character Name % Correct
PeanutsCharlie Brown
93.7%
PeanutsSnoopy
91.1%
PeanutsLucy van Pelt
89.5%
PeanutsLinus van Pelt
89.5%
Calvin and HobbesCalvin
88.9%
Calvin and HobbesHobbes
88.9%
DilbertDilbert
87.4%
GarfieldGarfield
86.3%
GarfieldOdie
82.6%
GarfieldJon Arbuckle
72.6%
DilbertDogbert
72.1%
PeanutsSchroeder
64.7%
Calvin and HobbesSusie Derkins
51.6%
FoxTrotJason Fox
50.5%
Pearls Before SwinePig
49.5%
Pearls Before SwineRat
48.4%
FoxTrotPeter Fox
47.4%
FoxTrotPaige Fox
44.7%
Calvin and HobbesSpaceman Spiff
44.2%
ZitsJeremy Duncan
44.2%
Pearls Before SwineZebra
42.6%
Pearls Before SwineGoat
35.3%
DilbertWally
34.2%
DilbertPointy-Haired Boss
33.7%
Pearls Before SwineCrocs
31.1%
DilbertAlice
30.5%
Comic Character Name % Correct
Calvin and HobbesStupendous Man
30%
ZitsPierce
29.5%
FoxTrotRoger Fox
28.4%
FoxTrotAndy Fox
28.4%
FoxTrotQuincy
27.4%
Bloom CountyOpus
27.4%
Pearls Before SwineGuard Duck
26.3%
ZitsSara
24.2%
ZitsHector
19.5%
Bloom CountyBill the Cat
15.8%
Bloom CountySteve Dallas
14.7%
ZitsWalt Duncan
14.2%
DoonesburyB.D.
12.6%
DoonesburyZonker Harris
12.6%
DoonesburyDuke
12.1%
DoonesburyMike Doonesbury
11.1%
DoonesburyMark Slackmeyer
10.5%
Bloom CountyMilo Bloom
10.5%
DoonesburyJoanie Caucus
7.9%
Bloom CountyMichael Binkley
7.9%
ZitsConnie Duncan
7.4%
Bloom CountyOliver Wendell Jones
6.8%
Bloom CountyCutter John
6.3%
DoonesburyRick Redfern
4.7%
Bloom CountyBobbi Harlow
3.2%

You're not logged in!

Compare scores with friends on all Sporcle quizzes.
Join for Free
OR
Log In

You Might Also Like...

Show Comments

Extras

Top Quizzes Today


Score Distribution

Your Account Isn't Verified!

In order to create a playlist on Sporcle, you need to verify the email address you used during registration. Go to your Sporcle Settings to finish the process.

Report this User

Report this user for behavior that violates our Community Guidelines.

Details: